<?xml version="1.0" encoding="UTF-8"?>
<record
    xmlns:xsi="http://www.w3.org/2001/XMLSchema-instance"
    xsi:schemaLocation="http://www.loc.gov/MARC21/slim http://www.loc.gov/standards/marcxml/schema/MARC21slim.xsd"
    xmlns="http://www.loc.gov/MARC21/slim">

  <leader>02204nom a2200481 i 4500</leader>
  <controlfield tag="001">194103</controlfield>
  <controlfield tag="003">SpMaBN</controlfield>
  <controlfield tag="005">20250708195724.0</controlfield>
  <controlfield tag="007">ta</controlfield>
  <controlfield tag="008">240429s2014    sp a   | ||||o000 0dspa  </controlfield>
  <datafield tag="017" ind1=" " ind2=" ">
    <subfield code="a">BA 413-2014</subfield>
    <subfield code="b">Oficina Dep&#xF3;sito Legal Badajoz</subfield>
  </datafield>
  <datafield tag="020" ind1=" " ind2=" ">
    <subfield code="a">9788498524130</subfield>
    <subfield code="q">obra completa</subfield>
  </datafield>
  <datafield tag="020" ind1=" " ind2=" ">
    <subfield code="a">9788498524147</subfield>
    <subfield code="q">libro</subfield>
  </datafield>
  <datafield tag="020" ind1=" " ind2=" ">
    <subfield code="a">9788498524154</subfield>
    <subfield code="q">CD-ROM</subfield>
  </datafield>
  <datafield tag="040" ind1=" " ind2=" ">
    <subfield code="a">SpMaBN</subfield>
    <subfield code="b">spa</subfield>
    <subfield code="c">SpMaBN</subfield>
    <subfield code="e">rdc</subfield>
    <subfield code="d">ES-MaACL</subfield>
  </datafield>
  <datafield tag="080" ind1=" " ind2=" ">
    <subfield code="a">929 L&#xF3;pez Gonz&#xE1;lez Morcillo, Antonio</subfield>
  </datafield>
  <datafield tag="080" ind1=" " ind2=" ">
    <subfield code="a">94(460.253 Santa Amalia)"18/19"</subfield>
  </datafield>
  <datafield tag="100" ind1="1" ind2=" ">
    <subfield code="a">Mart&#xED;n Nieto, Dionisio &#xC1;.,</subfield>
    <subfield code="d">1966-</subfield>
    <subfield code="0">XX849122</subfield>
    <subfield code="9">235747</subfield>
    <subfield code="e">aut</subfield>
  </datafield>
  <datafield tag="245" ind1="1" ind2="0">
    <subfield code="a">Antonio L&#xF3;pez y los primeros fundadores de Santa Amalia /</subfield>
    <subfield code="c">Dionisio &#xC1;ngel Mart&#xED;n Nieto, Jos&#xE9; Antonio Jim&#xE9;nez Escobar</subfield>
  </datafield>
  <datafield tag="260" ind1=" " ind2=" ">
    <subfield code="a">M&#xE9;rida :</subfield>
    <subfield code="b">Editora Regional de Extremadura [etc.],</subfield>
    <subfield code="c">D.L. 2014</subfield>
  </datafield>
  <datafield tag="300" ind1=" " ind2=" ">
    <subfield code="a">206 p. :</subfield>
    <subfield code="b">il., gr&#xE1;f., mapa col. ;</subfield>
    <subfield code="c">24 cm +</subfield>
  </datafield>
  <datafield tag="300" ind1=" " ind2=" ">
    <subfield code="a">1 CD-ROM (559 p.)</subfield>
    <subfield code="c">12 cm</subfield>
  </datafield>
  <datafield tag="336" ind1=" " ind2=" ">
    <subfield code="3">Impreso</subfield>
    <subfield code="a">Texto (visual)</subfield>
    <subfield code="2">isbdcontent</subfield>
  </datafield>
  <datafield tag="336" ind1=" " ind2=" ">
    <subfield code="3">CD-ROM</subfield>
    <subfield code="a">Texto (visual)</subfield>
    <subfield code="2">isbdcontent</subfield>
  </datafield>
  <datafield tag="337" ind1=" " ind2=" ">
    <subfield code="3">Impreso</subfield>
    <subfield code="a">sin mediaci&#xF3;n</subfield>
    <subfield code="2">isbdmedia</subfield>
  </datafield>
  <datafield tag="337" ind1=" " ind2=" ">
    <subfield code="3">CD-ROM</subfield>
    <subfield code="a">electr&#xF3;nico</subfield>
    <subfield code="2">isbdmedia</subfield>
  </datafield>
  <datafield tag="338" ind1=" " ind2=" ">
    <subfield code="2">rdacarrier</subfield>
    <subfield code="a">volumen</subfield>
  </datafield>
  <datafield tag="500" ind1=" " ind2=" ">
    <subfield code="a">El impreso es el v. 1 y el CD-ROM el vol. 2</subfield>
  </datafield>
  <datafield tag="500" ind1=" " ind2=" ">
    <subfield code="a">Catalogaci&#xF3;n provisional. Signatura: N 8651. Dep&#xF3;sito J.</subfield>
  </datafield>
  <datafield tag="504" ind1=" " ind2=" ">
    <subfield code="a">Incluye referencias bibliogr&#xE1;ficas</subfield>
  </datafield>
  <datafield tag="538" ind1=" " ind2=" ">
    <subfield code="a">Requisitos del sistema: Adobe Acrobat Reader</subfield>
  </datafield>
  <datafield tag="586" ind1=" " ind2=" ">
    <subfield code="a">XIII Premio de Investigaci&#xF3;n "Santiago Gonz&#xE1;lez", 2013</subfield>
  </datafield>
  <datafield tag="600" ind1=" " ind2="0">
    <subfield code="a">L&#xF3;pez Gonz&#xE1;lez Morcillo, Antonio,</subfield>
    <subfield code="d">1783-1831</subfield>
    <subfield code="2">embne</subfield>
    <subfield code="9">235748</subfield>
  </datafield>
  <datafield tag="651" ind1=" " ind2="0">
    <subfield code="a">Santa Amalia (Badajoz)</subfield>
    <subfield code="x">Historia</subfield>
    <subfield code="2">embne</subfield>
    <subfield code="9">235749</subfield>
  </datafield>
  <datafield tag="700" ind1=" " ind2=" ">
    <subfield code="a">Jim&#xE9;nez Escobar, Jos&#xE9; Antonio</subfield>
    <subfield code="9">235750</subfield>
    <subfield code="e">aut</subfield>
  </datafield>
  <datafield tag="852" ind1=" " ind2=" ">
    <subfield code="a">ES-MaACL</subfield>
    <subfield code="b">R.152516</subfield>
    <subfield code="c">DEPOJ</subfield>
    <subfield code="j">N-8651</subfield>
    <subfield code="x">R&#xFA;stica</subfield>
    <subfield code="h">Donaci&#xF3;n: Editorial</subfield>
    <subfield code="9">202065 </subfield>
    <subfield code="z">En proceso</subfield>
  </datafield>
  <datafield tag="852" ind1=" " ind2=" ">
    <subfield code="a">ES-MaACL</subfield>
    <subfield code="c">ROT</subfield>
    <subfield code="z">Catalogaci&#xF3;n provisional </subfield>
    <subfield code="h">Donaci&#xF3;n: Editorial </subfield>
    <subfield code="9">202066</subfield>
    <subfield code="j">ROT 6/3/1</subfield>
  </datafield>
  <datafield tag="942" ind1=" " ind2=" ">
    <subfield code="c">MONOGRAFIA</subfield>
    <subfield code="n">0</subfield>
  </datafield>
  <datafield tag="999" ind1=" " ind2=" ">
    <subfield code="c">194103</subfield>
    <subfield code="d">194103</subfield>
  </datafield>
  <datafield tag="952" ind1=" " ind2=" ">
    <subfield code="0">0</subfield>
    <subfield code="1">0</subfield>
    <subfield code="2">udc</subfield>
    <subfield code="4">0</subfield>
    <subfield code="7">0</subfield>
    <subfield code="a">ATENEOM</subfield>
    <subfield code="b">ATENEOM</subfield>
    <subfield code="c">DEPOJ</subfield>
    <subfield code="d">2024-04-29</subfield>
    <subfield code="e">DONACION</subfield>
    <subfield code="l">0</subfield>
    <subfield code="o">N-8651</subfield>
    <subfield code="p">101227316</subfield>
    <subfield code="r">2024-04-29 00:00:00</subfield>
    <subfield code="w">2024-04-29</subfield>
    <subfield code="y">MONOGRAFIA</subfield>
  </datafield>
  <datafield tag="952" ind1=" " ind2=" ">
    <subfield code="0">0</subfield>
    <subfield code="1">0</subfield>
    <subfield code="2">udc</subfield>
    <subfield code="4">0</subfield>
    <subfield code="7">0</subfield>
    <subfield code="a">ATENEOM</subfield>
    <subfield code="b">ATENEOM</subfield>
    <subfield code="c">ROT</subfield>
    <subfield code="d">2024-04-29</subfield>
    <subfield code="e">DONACION</subfield>
    <subfield code="l">0</subfield>
    <subfield code="o">ROT 6/3/1</subfield>
    <subfield code="p">101227317</subfield>
    <subfield code="r">2024-04-29 00:00:00</subfield>
    <subfield code="w">2024-04-29</subfield>
    <subfield code="y">CDROM</subfield>
  </datafield>
</record>
